Titres des musiques des disney/pixar - Statistiques

Statistiques générales
  • Ce quiz a été pris 386 fois
    353 depuis la dernière actualisation
  • Le résultat moyen est 32 sur 130
Statistiques - réponses
Hint Disney/Pixar Titre de la musique % Correct
55 Ce rêve bleu
78%
30 Je voudrais
72%
110 Libérée délivrée
72%
81 Comme un homme
68%
59 Hakuna Matata
68%
3 Un jour mon prince viendra
66%
63 L'air du vent
63%
33 Le livre de la jungle Il en faut peu pour être heureux
62%
56 Le roi lion L'histoire de la vie
62%
41 Sous l'océan
62%
66 | 89 Toy Story 1 Je suis ton ami
61%
57 Je voudrai déjà être roi
61%
60 L'amour brille sous les étoiles
61%
40 La petite sirène Partir là bas
55%
114 Le bleu lumière
54%
54 Prince Ali
54%
22 Peter pan Tu t'envoles
53%
102 J'ai un rêve
50%
44 La belle et la bête Belle
48%
53 Je suis ton meilleur ami
48%
46 C'est la fête
46%
47 Histoire éternelle
46%
100 Raiponce Ou est la vraie vie ?
46%
12 Bambi La chanson de la pluie
44%
108 Le renouveau
44%
91 Je m'en vais
43%
107 Je voudrais un bonhomme de neige
42%
78 De zéro en héros
41%
130 Ne parlons pas de Bruno
40%
117 Coco Un poco Loco
40%
45 Gaston
38%
115 Pour les hommes
38%
1 Blanche neige Heigh Ho
37%
23 A la file indienne
36%
77 Jamais je n'avouerai
36%
87 Je veux savoir
36%
119 Ne m'oublie pas
36%
80 Mulan Reflexion
34%
96 Au bout du rêve
32%
20 Joyeux non anniversaire
32%
9 Dumbo Mon tout petit
32%
58 Soyez prêtes
32%
39 Tout le monde veut devenir un chat
32%
43 Embrasse là
29%
61 Pocahontas Au détour de la rivière
28%
111 En été
28%
109 L'amour est un cadeau
28%
103 Je veux y croire
27%
122 Dans un autre monde
26%
127 Encanto La famille Madrigal
26%
8 Quand on prie la bonne étoile
26%
52 Je vole
25%
105 Vers le ciel
24%
125 Je te cherche
23%
15 Cendrillon Tendre rêve
23%
65 Des sauvages
22%
86 Enfant de l'homme
22%
31 J'en ai rêvé
22%
101 N'écoute que moi
22%
2 Sifflez en travaillant
22%
83 Honneur à tous
21%
51 Aladdin Nuit d'Arabie
21%
27 Belle nuit
18%
32 Les 101 dalmatiens Cruella d'Enfer
18%
34 Être un homme comme vous
18%
129 Sous les apparences
18%
82 Une belle fille à aimer
18%
124 J'ai perdu le nord
17%
106 La reine des neiges Le coeur de glace
16%
99 Ma belle Evangeline
16%
49 Tuons la bête
16%
113 Vaiana Notre terre
14%
38 Thomas O'Malley
14%
36 Aie confiance
13%
84 Tarzan Entre deux mondes
13%
69 Le bossu de notre dame Rien qu'un jour
13%
94 Volt Un chat, un chien et un rongeur
13%
37 Les aristochats Gammes et arpèges
12%
75 Le monde qui est le mien
12%
21 Peignons les roses en rouge
12%
50 La belle et la bête
11%
17 C'est ça l'amour
10%
98 Humains pour la vie
10%
74 Hercule Le Gospel pur
10%
116 L'explorateur
10%
97 Mes amis de l'au delà
10%
118 Corazon
9%
28 La chanson des siamois
9%
70 Les bannis ont droit d'amour
9%
88 Toy Story 2 Quand elle m'aimait
9%
92 Bienvenue
8%
14 Je chante pour toi
8%
13 La chanson du printemps
8%
10 | 35 La marche des éléphants
8%
95 La princesse et la grenouille La nouvelle Orléans
8%
42 Pauvres âmes en perditions
8%
67 Étrange, bazar
7%
48 Humain à nouveau
7%
121 Point d'avenir sans nous
7%
7 Sans aucun lien
7%
120 La reine des neiges 2 La berceuse d'Ahtohallan
6%
112 Nul n'est parfait
6%
126 Tout réparer
6%
11 Voir voler un éléphant
6%
72 Infernale
5%
19 Je suis en r'tard
5%
104 Rebelle Soleil Brûlant
5%
85 Toujours dans mon coeur
5%
29 La belle au bois dormant Douce Aurore
4%
62 Ecoute ton coeur
4%
76 Il me reste un espoir
4%
90 Frère des ours Les grands esprits
4%
123 Quand je serai plus grand
4%
5 Sifflez vite, vite !
4%
73 Un gars comme toi
4%
68 Jamais plus je ne volerai
3%
128 J'attends le miracle
3%
25 Pourquoi sa peau est rouge
3%
18 Alice au pays des merveilles Pays du merveilleux
2%
93 Regarde dans mes yeux
2%
4 Pinocchio Un pantin de bois
2%
24 Le besoin d'aimer
1%
71 Une douce lueur
1%
16 Bibbidi Bobbido Boo
0%
6 La vie d'un artiste
0%
26 La belle et le clochard Qu'est ce qu'un bébé ?
0%
64 Si je ne t'avais pas connu(e)
0%
79 Une étoile née
0%
Aucun quiz correspondant
Distribution des résultats
% des personnes avec chaque résultat
Percentile par nombre de réponses
Votre historique - résultats
Vous n’avez pas pris ce quiz depuis la dernière actualisation